000 00434nam a2200181Ia 4500
001 14703
005 20260306164933.0
008 260306t1998||||xx |||||||||||||| ||spa||
041 _aESP
082 _a515.7
_bG79
100 _aGreenberg, Michael
_eAUT
245 0 _aAdvanced engineering mathematics
260 _c1998
300 _axix, 1324 páginas :
_c26 cm.
650 _aGEN
654 _aCMA
942 _cLIB
_dJUS
_fJUS
_2ddc
_n
999 _c14703
_d14703